| 000 | 01264nam0a2200313 4500 | ||
|---|---|---|---|
| 001 | RU\NLR\BIBL_A\022629938 | ||
| 005 | 20251225111419.0 | ||
| 010 |
_a978-5-6045874-6-1 _9100 |
||
| 021 |
_aRU _bКН-П-25-046989 _9КН-П-25-4561 |
||
| 035 | _a(NLR Aleph) 022629938 | ||
| 090 |
_a13509521 _c13509521 |
||
| 100 | _a20250924d2023 u y0rusy50 ca | ||
| 101 | 0 | _arus | |
| 102 | _aRU | ||
| 105 | _aac||z|||000zy | ||
| 181 | 0 |
_ai3 _baxxe |
|
| 182 | 0 | _an | |
| 200 | 1 |
_aАрзамасская весна _fВ. Е. Станиловский, Е. И. Тюльпанов |
|
| 203 |
_aТекст _bвизуальный _cнепосредственный |
||
| 210 |
_aАрзамас _aСаров _cИнтерконтакт _d2023 |
||
| 215 |
_a149 с. _cил., портр. _d21 |
||
| 606 | 1 |
_aМузыкальная культура _yАрзамас, город (Нижегородская область) _2nlr_sh2 _3RU\NLR\AUTH\6601763853 |
|
| 686 | 1 | _aЩ313(2Р=Рус)7-692Арзамас | |
| 700 | 1 |
_aСтаниловский _bВ. Е. _gВладимир Евгеньевич |
|
| 701 | 1 |
_aТюльпанов _bЕ. И. _gЕвгений Иванович |
|
| 942 | _cBOOK | ||
| 980 | _aNB | ||